ბათუმის შოთა რუსთაველის სახელმწიფო უნივერსიტეტის ბიბლიოთეკა

მოცემულობა და მეთოდური მითითებები საკურსო პროექტის შესასრულებლად მშენებლობის ორგანიზაციის დაგეგმვისა და მართვის კურსში / (ბიბ.ჩანაწერი № 39222)

000 -ლიდერი
ფიქსირებული სიგრძის საკონტროლო ველი 01405nam a2200241Ia 4500
001 - საკონტროლო ნომერი
საკონტროლო ველი 5808
003 - საკონტროლო ნომრის იდენტიფიკატორი
საკონტროლო ველი GE_BSU
005 - ბოლო ოპერაციის თარიღი და დრო
საკონტროლო ველი 20190614145655.0
008 - ფიქსირებული სიგრძის მონაცემთა ელემენტები - ზოგადი ინფორმაცია
ფიქსირებული სიგრძის საკონტროლო ველი 181216s1984||||ge |||||||||||||| ||geo||
040 ## - კატალოგიზაციის წყარო
Transcribing agency GE_BSU
041 ## - ენის კოდი
Language code of text/sound track or separate title geo
080 ## - უნივერსალური ათობითი კლასიფიკაციის ინდექსი
Universal Decimal Classification number 69.01(076) მ-89
245 ## - ცნობა სათაურის შესახებ
Title მოცემულობა და მეთოდური მითითებები საკურსო პროექტის შესასრულებლად მშენებლობის ორგანიზაციის დაგეგმვისა და მართვის კურსში /
Statement of responsibility, etc შემდგ. : ა. ჭანტურია, ჟ. კომპანიონი და სხვ. ; რედ. მ. ძიძიგური
264 ## - წარმოების, გამოცემის, დისტრიბუციის და სხვა ცნობები
გამოცემის, წარმოების, დისტრიბუციის... ადგილი თბილისი :
გამოცემის, წარმოების, დისტრიბუციის... სახელწოდება სპი.
გამოცემის, წარმოების, დისტრიბუციის... თარიღი 1984.
300 ## - ფიზიკური აღწერა
Extent 88 გვ.;
Dimensions 20 სმ.
504 ## - BIBLIOGRAPHY, ETC. NOTE
Bibliography, etc ბიბლიოგრ. : გვ.84.
653 ## - INDEX TERM--UNCONTROLLED
Uncontrolled term მშენებლობის ორგანიზაცია
653 ## - INDEX TERM--UNCONTROLLED
Uncontrolled term მშენებლობის ორგანიზაციის დაგეგმვა და მართვა
700 ## - ADDED ENTRY--PERSONAL NAME
Personal name ჭანტურია, ა.
Relator term შემდგენელი
9 (RLIN) 818
700 ## - ADDED ENTRY--PERSONAL NAME
Personal name კომპანიონი , ჟ.
Relator term შემდგენელი
9 (RLIN) 2494
700 ## - ADDED ENTRY--PERSONAL NAME
Personal name ძიძიგური, მ.
Relator term რედაქტორი
9 (RLIN) 472
942 ## - ADDED ENTRY ELEMENTS (KOHA)
Koha item type წიგნი
Source of classification or shelving scheme
ეგზემპლარები
ჩამოწერის სტატუსი დაკარგული ეგზემპლარის სტატუსი კლასიფიკაციის წყარო ან თაროზე გაწყობის სქემა დაზიანების სტატუსი არ გაიცემა მუდმივი მდებარეობა (დაცვის ადგილი) ამჟამინდელი ადგილსამყოფელი თაროზე განთავსების ადგილი შეძენის თარიღი ღირებულება, შესყიდვის ნორმალური ფასი სრული შენახვის შიფრი შტრიხკოდი ბოლო ოპერაციის თარიღი ეგზემპლარის მიმდევრობითი ნომერი (კეტერი?) ფასის ძალაში შესვლის თარიღი ეგზემპლარის სახეობა საჯარო შენიშვნა
          ტექნოლოგიური ფაკულტეტის ბიბლიოთეკა ტექნოლოგიური ფაკულტეტის ბიბლიოთეკა წიგნსაცავი 2018-12-17 0.24 69.01(076) მ-89 12266 2018-12-17 12266 2018-12-17 წიგნი 0.24 სმ.
          ტექნოლოგიური ფაკულტეტის ბიბლიოთეკა ტექნოლოგიური ფაკულტეტის ბიბლიოთეკა წიგნსაცავი 2018-12-17 0.24 69.01(076) მ-89 12267 2018-12-17 12267 2018-12-17 წიგნი 0.24 ლ.
          ტექნოლოგიური ფაკულტეტის ბიბლიოთეკა ტექნოლოგიური ფაკულტეტის ბიბლიოთეკა წიგნსაცავი 2018-12-17 0.24 69.01(076) მ-89 12268 2018-12-17 12268 2018-12-17 წიგნი 0.24 ლ.